| 000 | 00362nam a2200145Ia 4500 | ||
|---|---|---|---|
| 008 | 220216s9999 xx 000 0 und d | ||
| 100 | _aBristow G M | ||
| 245 | 0 | _aSwelling and viscosity of rubbers in mixed solvents | |
| 260 |
_bIRI Transactions _c1959 |
||
| 300 | _a73-81 | ||
| 650 | _aSwelling | ||
| 650 | _aViscosity | ||
| 700 | _aWatson W F | ||
| 942 | _cJS | ||
| 999 |
_c70097 _d70097 |
||